1914 1419 1730 1004 1005 1228 1731 1787 1145 1730 1900 1401 1450 1269 1436 1254 1406 1546 1144 1755 1414 1496 1796 1277 1821 1112 1404 1721 1091 1933 1811 1878 1861 1353 1975 1155 1092 1533 1935 1829 1818 1475 1455 1076 1186 1075 1195 1213 1377 1060 1675 1740 1867 1655 1082 1557 1426 1122 1228 1428 1207 1410 1457 1458 1190 1185 1735 1633 1196 1402 1773 1179 1991 1079 1500 1632 1011 1110 1666 1302 1087 1722 1411 1423 1643 1887 1785 1614 1368 1994 1200 1576 1669 1681 1255 1191 1469 1165 1267 BCNSPRNW ULIB Ver.6.0+V

เปลี่ยนเป็นภาษาไทย

Change to English
 แสดงรายละเอียดบรรณานุกรม
  กลับหน้าหลัก

Brief Record : Get Marc (ISO 2709) : E-mail record : QR code < ปิดหน้าต่าง
LEADER : 00000nam 2200000uu 4500
001    13399110131
003     ULIB
008    110422s2550||||th 000 0 tha d
020    9789748499796
060 04 WJ300^bท187U 2550
245 00 Update on chronic kidney disease prevention :^bstrategiesand practical points /^cบรรณาธิการ, ทวี ศิริวงศ์
260    [กรุงเทพฯ] :^bสมาคมโรคไตแห่งประเทศไทย,^c2550
300    168 หน้า :^bภาพประกอบ ;^c30 ซม.
650  7 ไต, โรค
650  7 ไต, โรค^xการป้องกันและควบคุม
700 0  ทวี ศิริวงศ์,^eบรรณาธิการ
710 2  สมาคมโรคไตแห่งประเทศไทย
945    ^p0^l0^i023577
995    ทศพร
999 ^a ใช้งานได้ทุกระบบ
รายการนี้ยังไม่มีแท็ก
คุณยังไม่ได้ล็อกอิน คุณสามารถมีกิจกรรมร่วมกับเว็บไซต์ได้ แต่ต้องล็อกอินก่อน ::
  ล็อกอิน

รายการสื่อสารสนเทศ

ลำดับที่ ประเภท เลขเรียก/บาร์โค้ด สถานที่ สถานะ
- ไม่พบข้อมูล -

รายการใกล้เคียง
    หัวเรื่อง [ไต, โรค]

BibComment


ยังไม่เคยถูกคอมเมนท์

คอมเมนท์ทรัพยากรรายการนี้
  คอมเมนท์: Update on chronic..


 Copyright 2026. Bcnsprnw @Library